000 00284nam a22001217a 4500
020 _aNA
082 _222
_a005
100 _aHerrmam eric,
245 _aCGI programming perl 5 in a week /
260 _aSamsl not,
_bSamsl not,
_cc1996
300 _a513 p , ;
_bNA
_c24cm.
942 _2ddc
_cIT
999 _c3204
_d3204